000 00700nam a2200205Ia 4500
005 20241129110148.0
008 241129s9999||||xx |||||||||||||| ||und||
037 _aTB
040 _aARTS
_bpun
_cARTS
041 _apun
_2pun
084 _aO153,3N68,BR R3
_qARTS
100 _aਸਿੰਘ, ਸ਼ੈਲੇਦਰ, ਚ।
245 0 _aਬੌਣਾ ਰੁੱਖ
_cਸਿੰਘ, ਸ਼ੈਲੇਦਰ, ਚ।
260 _aਲੁਧਿਆਨਾ, ਭਾਰਤ
_bਲੁਧਿਆਨਾ ਚੇਤਨਾ ਪ੍ਰਕਾਸ਼ਨ
_c2022
300 _a152ਪ੍ਰ0
365 _aINR
_b275
650 _aPunjabi Fiction
_9179734
942 _cTB
_hO153,3N68,BR R3
999 _c1227551
_d1227551